000 00274nam a22001097a 4500
008 170105b xxu||||| |||| 00| 0 eng d
020 _a9780781765848
041 _aeng
080 _27TH
_a618.2
245 _aCOMMUNITY HEALTH NURSING
_cWILLIAMS, L & WILKINS, L
942 _2udc
_cBK
999 _c2581
_d2581